Central Library OPAC University of Rajshahi

The economic implications of advertising / (Record no. 4375)

MARC details
000 -LEADER
fixed length control field 00774nam a22002531 4500
001 - CONTROL NUMBER
control field 4375
003 - CONTROL NUMBER IDENTIFIER
rucl marc code BD-RjUL
005 - DATE AND TIME OF LATEST TRANSACTION
control field 20211208233900.0
008 - FIXED-LENGTH DATA ELEMENTS--GENERAL INFORMATION
fixed length control field 131222r1968 onc 001 0 eng
035 ## - SYSTEM CONTROL NUMBER
System control number (BD-RjUL)4410
040 ## - CATALOGING SOURCE
Original cataloging agency DLC
Transcribing agency DLC
Modifying agency BD-RjUL
Language of cataloging eng
041 ## - LANGUAGE CODE
Language code of text/sound track or separate title eng
082 00 - DEWEY DECIMAL CLASSIFICATION NUMBER
Classification number 659.10971
Author mark and year FIE
100 1# - MAIN ENTRY--PERSONAL NAME
Personal name Firestone, O. J.
9 (RLIN) 13836
245 14 - TITLE STATEMENT
Title The economic implications of advertising /
Statement of responsibility, etc. O. J. Firestone, Commissioned by the Institute of Canadian Advertising.
260 ## - PUBLICATION, DISTRIBUTION, ETC. (IMPRINT)
Place of publication, distribution, etc. Toronto :
Name of publisher, distributor, etc. Methuen,
Date of publication, distribution, etc. c1967[reprinting 1968].
300 ## - PHYSICAL DESCRIPTION
Pagination xiii, 210 p.
Size 17 cm.
504 ## - BIBLIOGRAPHY, ETC. NOTE
Bibliography, etc Includes index.
650 #0 - SUBJECT ADDED ENTRY--TOPICAL TERM
Topical term or geographic name as entry element Advertising
Geographic subdivision Canada.
9 (RLIN) 13837
710 2# - ADDED ENTRY--CORPORATE NAME
Corporate name or jurisdiction name as entry element Institute of Canadian Advertising.
9 (RLIN) 13838
942 ## - ADDED ENTRY ELEMENTS (KOHA)
Source of classification or shelving scheme Dewey Decimal Classification
Koha item type Books
Holdings
Lost status Source of classification or shelving scheme Damaged status Not for loan Collection code Permanent Location Current Location Shelving location Date acquired Source of acquisition Cost, normal purchase price Total Checkouts Full call number Date last seen Copy number Koha item type
  Dewey Decimal Classification   Not For Loan Non-fiction Central Library, University of Rajshahi Central Library, University of Rajshahi Reading Room 17/07/1973 Mitali Prok. 37.25   659.10971 FIE 1968 22/12/2013 C-1 Books